[Event "13th SRB-ch Men 2019"]
[Site "Beograd"]
[Date "2019.04.12"]
[Round "7.5"]
[White "Nestorovic, Nikola"]
[Black "Ivic, Velimir"]
[Result "1/2-1/2"]
[WhiteElo "2473"]
[BlackElo "2516"]
[Annotator "ChessBase"]
[PlyCount "66"]
[EventDate "2019.04.06"]
[EventType "tourn"]
[EventCountry "SRB"]
[SourceTitle "playchess.com"]
[Source "ChessBase"]
[SourceQuality "1"]
[TimeControl "40/5400+30:1800+30"]

1. d4 {[%emt 0:00:00]} Nf6 {[%emt 0:00:00]} 2. Nf3 {[%emt 0:00:00]} g6 {[%emt 0:00:00]} 3. Nbd2 {[%emt 0:00:00]} Bg7 {[%emt 0:00:00]} 4. e4 {[%emt 0:00:00]} d6 {[%emt 0:00:00]} 5. Bb5+ {[%emt 0:00:00]} Nc6 {[%emt 0:03:45]} 6. O-O {[%emt 0:05:18]} O-O {[%emt 0:01:43]} 7. Re1 {[%emt 0:03:41]} Bd7 {[%emt 0:00:51]} 8. c3 {[%emt 0:02:09]} e5 {[%emt 0:01:38]} 9. Bf1 {[%emt 0:09:34]} a5 {[%emt 1:26:33]} 10. dxe5 Nxe5 {[%emt 0:00:00]} 11. Nxe5 dxe5 {[%emt 0:00:00]} 12. Nc4 {[%emt 0:06:26]} Qe7 {[%emt 0:00:00]} 13. a4 {[%emt 0:00:10]} Bc6 {[%emt 0:00:00]} 14. Qc2 {[%emt 0:00:12]} Rfd8 {[%emt 0:00:00]} 15. b3 {[%emt 0:11:21]} b6 {[%emt 0:00:00]} 16. g3 {[%emt 0:03:00]} Qe6 {[%emt 0:00:00]} 17. Bg2 {[%emt 0:10:37]} Rd7 {[%emt 0:00:00]} 18. Ne3 {[%emt 0:01:04]} Rad8 {[%emt 0:00:00]} 19. c4 {[%emt 0:00:27]} Ba8 {[%emt 0:00:00]} 20. Nd5 {[%emt 0:00:27]} Rb8 {[%emt 0:00:00]} 21. Bg5 {[%emt 0:12:06]} Ne8 {[%emt 0:00:00]} 22. Be3 {[%emt 0:00:04]} c5 {[%emt 0:00:00]} 23. Rad1 {[%emt 0:05:08]} Bxd5 {[%emt 0:00:00]} 24. exd5 {[%emt 0:04:28]} Qd6 {[%emt 0:00:00]} 25. f4 {[%emt 0:03:23]} Re7 {[%emt 0:00:00]} 26. f5 {[%emt 0:01:01]} gxf5 {[%emt 0:00:00]} 27. Qxf5 {[%emt 0:00:08]} Qg6 {[%emt 0:00:00]} 28. Qxg6 {[%emt 0:19:04]} hxg6 {[%emt 0:00:00]} 29. d6 {[%emt 0:00:01]} Rd7 {[%emt 0:00:00]} 30. Bc6 {[%emt 0:00:01]} Rxd6 {[%emt 0:00:49]} 31. Bxe8 {[%emt 0:00:05]} Rxd1 {[%emt 0:00:04]} 32. Bxf7+ {[%emt 0:00:22]} Kxf7 {[%emt 0:00:04]} 33. Rxd1 {[%emt 0:00:03]} Ke6 {[%emt 0:00:16]} 1/2-1/2

[Event "13th SRB-ch Men 2019"]
[Site "Beograd"]
[Date "2019.04.13"]
[Round "8.1"]
[White "Zajic, Milan"]
[Black "Ivic, Velimir"]
[Result "1/2-1/2"]
[WhiteElo "2507"]
[BlackElo "2516"]
[Annotator "TA"]
[PlyCount "51"]
[EventDate "2019.04.06"]
[EventType "tourn"]
[EventCountry "SRB"]
[SourceTitle "playchess.com"]
[Source "ChessBase"]
[SourceQuality "1"]

{[%evp 9,51,20,12,16,12,13,15,13,14,8,14,18,57,23,29,36,38,46,39,23,50,33,58,52,46,46,60,38,35,11,56,50,49,50,81,51,92,89,90,54,57,46,47,45]} 1. e4 c5 2. Nf3 d6 3. Bb5+ Nd7 4. Ba4 (4. c3 Ngf6 5. Qe2 a6 6. Ba4 b5 7. Bc2 Bb7 8. d4 g6 9. O-O Bg7 10. e5 dxe5 11. dxe5 Bxf3 12. gxf3 Nd5 13. e6 N7f6 14. c4 bxc4 15. exf7+ Kxf7 {0-1 (31) Mamedov,R (2701)-Nepomniachtchi,I (2771) Astana 2019}) 4... Ngf6 5. O-O e6 6. Re1 {B51: Sicilian: Moscow Variation (3 Bb5+) without 3...Bd7} Be7 7. c3 a6 8. d4 {The position is equal.} b5 9. Bc2 Bb7 10. Nbd2 {[%cal Bb1d2,Bd2f1,Bf1g3][%mdl 32]} e5 11. Nf1 O-O 12. Ng3 Re8 $146 ({Predecessor:} 12... g6 13. a4 Qc7 14. Qe2 Qb6 {1-0 (39) Martins,V (2363)-Patroclo,A (2155) Foz do Iguacu 2012}) 13. d5 c4 14. Be3 Bf8 15. h3 a5 16. b3 cxb3 17. axb3 Qc7 18. Bd3 Reb8 19. b4 a4 20. Ra3 Ba6 21. Qe2 Qb7 22. Nd2 Rc8 23. Rb1 Ne8 24. Kh2 g6 25. Rba1 h5 26. Nb1 {Accuracy: White = 51%, Black = 59%.} 1/2-1/2

[Event "13th SRB-ch Men 2019"]
[Site "Beograd"]
[Date "2019.04.13"]
[Round "8.2"]
[White "Milanovic, Danilo"]
[Black "Nestorovic, Nikola"]
[Result "1/2-1/2"]
[WhiteElo "2495"]
[BlackElo "2473"]
[Annotator "ChessBase"]
[PlyCount "49"]
[EventDate "2019.04.06"]
[EventType "tourn"]
[EventCountry "SRB"]
[SourceTitle "playchess.com"]
[Source "ChessBase"]
[SourceQuality "1"]
[TimeControl "40/5400+30:1800+30"]

1. d4 {[%emt 0:00:00]} Nf6 {[%emt 0:00:00]} 2. Bg5 {[%emt 0:00:00]} d5 {[%emt 1:31:00]} 3. Nd2 {[%emt 0:00:00]} c6 {[%emt 0:00:00]} 4. e3 {[%emt 0:01:45]} Bf5 {[%emt 0:00:00]} 5. Ngf3 {[%emt 0:01:50]} Nbd7 {[%emt 0:00:00]} 6. c4 {[%emt 1:29:25]} e6 7. Qb3 {[%emt 0:00:00]} Qb6 {[%emt 0:00:00]} 8. c5 {[%emt 0:00:00]} Qc7 {[%emt 0:00:00]} 9. Bf4 {[%emt 0:00:00]} Qc8 {[%emt 0:00:00]} 10. h3 {[%emt 0:00:00]} h6 {[%emt 0:00:00]} 11. Be2 {[%emt 0:00:00]} Be7 {[%emt 0:00:00]} 12. O-O {[%emt 0:00:00]} O-O {[%emt 0:00:00]} 13. Qc3 {[%emt 0:00:00]} Bd8 {[%emt 0:05:30]} 14. b4 {[%emt 0:00:00]} Bc7 {[%emt 0:00:00]} 15. Bxc7 {[%emt 0:00:00]} Qxc7 {[%emt 0:00:00]} 16. a4 {[%emt 0:00:00]} Ne4 {[%emt 0:00:00]} 17. Nxe4 {[%emt 0:00:00]} Bxe4 {[%emt 0:00:00]} 18. Nd2 {[%emt 0:00:00]} Bh7 {[%emt 0:00:00]} 19. b5 {[%emt 0:00:00]} e5 {[%emt 0:00:00]} 20. a5 {[%emt 0:00:00]} a6 {[%emt 0:00:00]} 21. b6 {[%emt 0:00:00]} Qd8 {[%emt 0:00:00]} 22. dxe5 {[%emt 0:00:00]} Qe7 {[%emt 0:00:00]} 23. Nb3 {[%emt 0:00:00]} Nxe5 {[%emt 0:00:00]} 24. Rac1 {[%emt 0:00:00]} Ng6 {[%emt 0:00:00]} 25. Nd4 {[%emt 0:00:00]} 1/2-1/2

[Event "13th SRB-ch Men 2019"]
[Site "Beograd"]
[Date "2019.04.13"]
[Round "8.4"]
[White "Savic, Miodrag R"]
[Black "Cabarkapa, Novak"]
[Result "1/2-1/2"]
[WhiteElo "2498"]
[BlackElo "2454"]
[Annotator "TA"]
[PlyCount "80"]
[EventDate "2019.04.06"]
[EventType "tourn"]
[EventCountry "SRB"]
[SourceTitle "playchess.com"]
[Source "ChessBase"]
[SourceQuality "1"]

{[%evp 14,80,19,5,17,0,0,-24,22,16,0,21,25,26,35,0,20,15,51,20,27,19,31,31,78,10,9,16,15,12,24,23,30,0,0,8,0,0,0,0,0,0,12,-16,-16,-14,-7,-10,-10,-22,-8,-65,-63,-65,0,0,0,0,0,-3,-3,-3,0,0,0,0,0,0,8]} 1. e4 e6 2. d4 d5 3. e5 c5 4. c3 Nc6 5. Nf3 Bd7 6. Be2 Nge7 7. O-O Ng6 8. Re1 Be7 {C02: French: Advance Variation} 9. Bd3 (9. g3 O-O 10. h4 cxd4 11. cxd4 f6 12. h5 Nh8 13. Nc3 fxe5 14. dxe5 Be8 15. h6 g6 16. Nb5 {1-0 (48) Pruijssers,R (2511)-Nikolic,P (2605) Germany 2014}) 9... O-O 10. a3 Rc8 {Black has an edge.} 11. Be3 $146 ({Predecessor:} 11. Nbd2 cxd4 12. cxd4 f6 13. exf6 Bxf6 14. Bxg6 hxg6 15. Nb3 b6 16. Bf4 {½-½ (69) Dobierzin,O-Benson,P (2010) Laguna 1996}) 11... cxd4 12. cxd4 f6 13. exf6 Bxf6 14. Nc3 Be8 15. Rc1 Bf7 16. b4 Re8 17. Qd2 Nf8 18. Na4 Bg6 19. Nc5 (19. Bb5 $16) 19... b6 $11 20. Bxg6 Nxg6 21. Nd3 Qd7 22. g3 Nge7 23. Nf4 Nf5 24. Qd3 Nd6 25. b5 Na5 26. Rxc8 Rxc8 27. Bd2 Qxb5 (27... Nac4 {looks sharper.} 28. Rxe6 Nxb5 29. h4 a5 30. Bc1 Nc7) 28. Qxb5 (28. Bxa5 {seems wilder.} bxa5 29. Rxe6 Qxd3 30. Nxd3 Nf5 31. Nfe5) 28... Nxb5 29. Bxa5 bxa5 30. Rxe6 Nxd4 31. Nxd4 Bxd4 {[%mdl 4096] Endgame KRB-KRN} 32. Re2 ({White should try} 32. Nxd5 $11 Rc2 33. Ne3) 32... Rc3 $15 33. Rd2 Be5 (33... Bc5 $15 34. Rxd5 Rc2) 34. Rxd5 $11 {The position is equal.} Bxf4 35. gxf4 Rxa3 {KR-KR} 36. Rd7 Ra1+ 37. Kg2 a4 38. Rxa7 a3 39. f5 Kf8 {[#]} 40. f6 $1 {[%mdl 512]} gxf6 {Accuracy: White = 49%, Black = 49%.} 1/2-1/2

[Event "13th SRB-ch Men 2019"]
[Site "Beograd"]
[Date "2019.04.13"]
[Round "8.5"]
[White "Ivanisevic, Ivan"]
[Black "Damljanovic, Branko"]
[Result "1-0"]
[WhiteElo "2611"]
[BlackElo "2486"]
[Annotator "TA"]
[PlyCount "83"]
[EventDate "2019.04.06"]
[EventType "tourn"]
[EventCountry "SRB"]
[SourceTitle "playchess.com"]
[Source "ChessBase"]
[SourceQuality "1"]

{[%evp 12,83,38,34,45,25,34,27,34,28,37,28,28,33,52,14,26,34,54,14,18,32,32,22,37,40,81,82,89,99,106,107,92,97,81,83,133,130,125,112,139,139,179,169,177,173,183,182,186,186,184,182,182,164,304,309,298,271,256,248,241,257,351,351,343,309,576,575,572,566,552,509,480,453]} 1. d4 Nf6 2. c4 e6 3. Nc3 Bb4 4. Qc2 Nc6 5. e3 O-O 6. Bd2 d5 7. Nf3 a5 {E33: Nimzo-Indian: Classical: 4...Nc6} (7... Ne7 8. a3 Bxc3 9. Bxc3 b6 10. b3 a5 11. a4 Bb7 12. Bd3 Nc6 13. O-O Qe7 14. Rfc1 h6 15. Qe2 {1-0 (24) Sjugirov,S (2663)-Bazeev,G (2416) St Petersburg 2018}) 8. a3 Bxc3 9. Bxc3 b6 $146 {White has an edge.} ({Predecessor:} 9... Ne4 10. Bd3 Nxc3 11. bxc3 h6 12. cxd5 exd5 13. O-O Bg4 14. Nd2 Qd6 15. e4 dxe4 16. Nxe4 {1-0 (33) Savinov,L (2184)-Karasev,V (2377) St Petersburg 2014}) 10. b3 Ba6 11. Rc1 a4 12. bxa4 dxc4 13. Be2 Nd5 14. O-O Qe7 15. Nd2 Qxa3 16. Bb2 Qe7 {Hoping for ...c3.} 17. Nxc4 Rfc8 18. Rfd1 Qe8 {[#]} 19. e4 $1 {[%cal Re4d5]} Nf4 20. Bf3 Ng6 21. Qc3 {Strongly threatening d5.} Bxc4 22. Qxc4 Na5 23. Qc2 $36 {[%mdl 2048] Black is under strong pressure.} c5 {[#] Threatening ...cxd4.} 24. d5 $1 ({Much worse is} 24. dxc5 $6 Rxc5 25. Qd3 Rxc1 $14) 24... e5 25. Rb1 Rd8 26. Bc1 Rd6 27. g3 Nb7 28. Rb5 Ra6 29. Be3 Qa8 30. Rdb1 Nf8 31. Bg4 h6 32. h3 Nh7 (32... Rg6 $142 33. R5b2 Qd8) 33. a5 $18 Nf6 34. Rxb6 Rdxb6 35. Rxb6 Rxb6 36. axb6 Nxg4 37. hxg4 Qa5 38. Qb3 Kf8 $2 {[#]} (38... Kh7 39. Kg2 Qa6) 39. d6 $1 {[%mdl 512] White is clearly winning.} Qe1+ (39... Nxd6 40. Qd5) 40. Kg2 Qb4 41. Qd5 {[%mdl 64] Double Attack} Qxb6 42. d7 {Accuracy: White = 79%, Black = 37%.} 1-0

[Event "13th SRB-ch Men 2019"]
[Site "Beograd"]
[Date "2019.04.14"]
[Round "9.1"]
[White "Damljanovic, Branko"]
[Black "Zajic, Milan"]
[Result "1-0"]
[WhiteElo "2486"]
[BlackElo "2507"]
[Annotator "TA"]
[PlyCount "153"]
[EventDate "2019.04.06"]
[EventType "tourn"]
[EventCountry "SRB"]
[SourceTitle "playchess.com"]
[Source "ChessBase"]
[SourceQuality "1"]

{[%evp 22,153,14,6,18,-27,22,26,26,35,39,23,39,0,0,-13,-7,-20,14,-6,0,-19,-20,-19,-11,-86,0,-6,44,39,90,54,53,2,18,13,27,22,16,12,24,0,72,80,64,75,102,96,89,94,85,87,88,79,161,159,109,76,81,81,76,81,78,85,90,41,89,82,99,58,58,31,29,38,86,66,81,70,69,56,108,105,107,101,114,100,108,108,108,108,108,108,116,108,131,108,108,108,108,108,148,112,155,160,240,237,403,343,428,371,695,488,450,442,29957,29951,29973,29974,29973,29974,29975,29977,29976,29977,29980,29981,29985,29986,29986,29987,29987,29988,29988,29989]} 1. c4 e5 2. Nc3 Nf6 3. g3 d5 4. cxd5 Nxd5 5. Bg2 Nb6 6. Nf3 Nc6 7. a3 Be7 8. b4 {A29: English Opening: Four Knights Variation with 4 g3} O-O 9. Rb1 Re8 10. O-O Bf8 11. d3 Bg4 12. h3 {LiveBook: 4 Games} Bh5 13. e3 $146 ({Predecessor:} 13. Bg5 f6 14. Be3 Bf7 15. Nd2 Rb8 16. Nb3 Ne7 17. Bc5 Ned5 {1-0 (73) Ding,L (2816)-Yu,Y (2764) Shenzhen 2018}) 13... f6 14. Qc2 Qd7 15. Ne4 Rad8 16. Nc5 Qc8 $1 17. Ne1 {And now Nxb7! would win.} Nd5 18. Bb2 Bf7 19. Rc1 Nb8 20. e4 Ne7 21. Nf3 Nec6 22. Rfd1 b6 23. Nb3 {[#]} (23. Na4 $1 $11 {remains equal.}) 23... Qe6 ({Better is} 23... Bxb4 $1 $17 24. d4 (24. axb4 Nxb4 25. Qc3 Na2 $17) 24... Bd6) 24. Nbd2 $11 Rd7 25. b5 Nd4 ({Black should try} 25... Na5 $14) 26. Nxd4 exd4 27. Qa4 (27. Kh2 $14) 27... Bc5 28. Qxa7 c6 29. Qa4 cxb5 30. Qxb5 Ra7 31. Re1 Bxa3 (31... Nd7 $11) 32. Bxa3 $16 Rxa3 33. Rc7 Ra5 {[#]} 34. Qb1 $1 Qa2 35. Nf3 Na6 36. Rd7 Qxb1 37. Rxb1 b5 (37... Nc5 $16 38. Rxd4 b5) 38. Nxd4 $18 Nc5 39. Rd6 Nxd3 40. Nxb5 Ne5 41. Nd4 Ra7 42. Nf5 Bg6 43. Ne3 Nf7 44. Rd4 Ng5 {[%cal Rg6e4]} 45. f3 Ra3 46. Re1 f5 47. Kf2 f4 48. gxf4 Ne6 49. Rd2 {f5 is the strong threat.} Nxf4 50. Bf1 h6 (50... Bh5 $14) 51. Nd5 $16 Nxd5 52. Rxd5 Rf8 53. Bg2 Ra2+ 54. Kg3 Ra3 55. h4 Bf7 56. Rc5 Rfa8 57. Rd1 R3a5 58. Rd8+ Kh7 59. Rxa8 Rxc5 {[%mdl 4096] Endgame KRB-KRB} 60. Ra7 Be6 61. Bf1 Rc1 62. Bb5 Rc5 (62... Kg8 $16 {is a better defense.} 63. Bd7 Bxd7) 63. Be8 $18 {Hoping for Ra6.} h5 $2 (63... Bc4 64. h5 Kg8) 64. Re7 Bc8 65. Bf7 g6 $2 (65... Rc6 66. Bxh5 Be6) 66. Bd5+ Kh6 67. Kf4 Rb5 (67... Ba6 $18 68. Bg8 g5+ 69. hxg5+ Rxg5) 68. Bg8 {[%csl Gg8][%cal Re7h7] White mates.} Rb7 69. Rxb7 Bxb7 {KB-KB} 70. Bd5 Bc8 71. Ke5 g5 72. hxg5+ Kxg5 73. f4+ Kg6 74. f5+ {[%cal Bf4f5,Bf5f6,Bf6f7][%mdl 32]} Kg5 75. f6 Kg6 76. f7 Kg7 77. Kd6 {Precision: White = 71%, Black = 32%.} 1-0

[Event "13th SRB-ch Men 2019"]
[Site "Beograd"]
[Date "2019.04.14"]
[Round "9.2"]
[White "Cabarkapa, Novak"]
[Black "Ivanisevic, Ivan"]
[Result "0-1"]
[WhiteElo "2454"]
[BlackElo "2611"]
[Annotator "TA"]
[PlyCount "54"]
[EventDate "2019.04.06"]
[EventType "tourn"]
[EventCountry "SRB"]
[SourceTitle "playchess.com"]
[Source "ChessBase"]
[SourceQuality "1"]

{[%evp 9,54,10,12,5,4,0,9,-6,-4,-8,-14,-10,-15,-27,-26,-34,-26,-44,-18,-24,-27,-18,-14,-40,-25,-25,-40,-65,-70,-226,-220,-354,-367,-353,-129,-259,-155,-188,-183,-184,-175,-191,-202,-234,-233,-522,-468]} 1. b3 d5 2. Bb2 Nf6 3. e3 g6 4. c4 e6 5. Nf3 Bg7 6. Be2 {A01: Nimzowitsch-Larsen Opening} (6. d4 O-O 7. Nbd2 dxc4 8. Bxc4 c5 9. O-O cxd4 10. Nxd4 Bd7 11. Rc1 Nc6 12. N2f3 Nxd4 13. Bxd4 {½-½ (36) Vachier Lagrave,M (2779)-Nakamura,H (2777) chess.com INT 2018}) 6... O-O 7. O-O b6 8. d3 {The position is equal.} c5 9. Nbd2 Bb7 10. a3 $146 ({Predecessor:} 10. Qc2 Nc6 11. a3 Rc8 12. Rac1 {1-0 (34) Krishna Teja,N (1983)-Karthikeyan,P (2421) Tirupati 2012}) 10... Nc6 11. cxd5 Nxd5 12. Qc2 Rc8 13. Rfd1 Rc7 14. Bxg7 Kxg7 15. Qb2+ Qf6 16. d4 cxd4 {[#] ...Nc3 is the strong threat.} 17. Ne4 Qe7 18. Bb5 e5 19. Bxc6 $2 (19. exd4 $15 f5 20. Ned2) 19... Bxc6 $19 ({Less strong is} 19... Rxc6 20. exd4 f5 21. Ned2 $15) 20. exd4 {[#]} (20. Rdc1 $142) 20... Nf4 $1 21. Ned2 Nd3 $2 (21... Rd8 $19 {Threatens to win with ...Qe6.} 22. dxe5 Nd3) 22. Qa2 (22. Qb1 $17 {was the only defense.}) 22... e4 ({Better is} 22... exd4 $19 {White must now prevent ...Qf6.} 23. Nc4 Nf4) 23. Ne5 Bd5 ({Much less strong is} 23... Nxe5 24. dxe5 Qxe5 25. Nc4 $17) 24. Ndc4 Bxc4 25. Nxc4 Rd8 26. Qe2 Rxd4 27. f3 $2 (27. Ne3) 27... Qc5 {Accuracy: White = 10%, Black = 51%.} 0-1

[Event "13th SRB-ch Men 2019"]
[Site "Beograd"]
[Date "2019.04.14"]
[Round "9.3"]
[White "Kovacevic, Aleksandar"]
[Black "Savic, Miodrag R"]
[Result "1/2-1/2"]
[WhiteElo "2503"]
[BlackElo "2498"]
[Annotator "RC"]
[PlyCount "20"]
[EventDate "2019.04.06"]
[EventType "tourn"]
[EventCountry "SRB"]
[SourceTitle "playchess.com"]
[Source "ChessBase"]
[SourceQuality "1"]
[TimeControl "40/5400+30:1800+30"]

1. d4 {[%emt 0:00:00]} d5 {[%emt 0:00:00]} 2. Bf4 {[%emt 0:00:00]} Nf6 {[%emt 0:00:40]} 3. e3 {[%emt 0:00:00]} g6 {[%emt 0:00:40]} 4. Be2 {[%emt 0:00:25]} Bg7 {[%emt 0:00:08]} 5. Nf3 {[%emt 0:00:05]} O-O {[%emt 0:00:12]} 6. Nbd2 {[%emt 0:00:07]} c6 {[%emt 0:00:25]} 7. Ne5 {[%emt 0:00:10]} Nbd7 {[%emt 0:00:22]} 8. c3 {[%emt 0:00:10]} Nxe5 {[%emt 0:00:21]} 9. Bxe5 {[%emt 0:00:05]} Ne8 {[%emt 0:00:35]} 10. Bxg7 {[%emt 0:00:09]} Nxg7 {[%emt 0:00:10]} 1/2-1/2

[Event "13th SRB-ch Men 2019"]
[Site "Beograd"]
[Date "2019.04.14"]
[Round "9.4"]
[White "Nestorovic, Nikola"]
[Black "Markovic, Miroslav"]
[Result "0-1"]
[WhiteElo "2473"]
[BlackElo "2384"]
[Annotator "RC"]
[PlyCount "114"]
[EventDate "2019.04.06"]
[EventType "tourn"]
[EventCountry "SRB"]
[SourceTitle "playchess.com"]
[Source "ChessBase"]
[SourceQuality "1"]
[TimeControl "40/5400+30:1800+30"]

1. e4 {[%emt 0:00:00]} e5 {[%emt 0:00:00]} 2. Nf3 {[%emt 0:00:00]} Nf6 {[%emt 0:00:00]} 3. Nxe5 {[%emt 0:00:00]} d6 {[%emt 0:00:00]} 4. Nf3 {[%emt 0:00:00]} Nxe4 {[%emt 0:00:04]} 5. c4 {[%emt 0:03:14]} Be7 {[%emt 0:02:39]} 6. d4 {[%emt 0:03:13]} O-O {[%emt 0:01:31]} 7. Bd3 {[%emt 0:00:08]} d5 {[%emt 0:02:06]} 8. O-O {[%emt 1:27:25]} c6 {[%emt 0:02:17]} 9. h3 {[%emt 0:00:00]} Nd7 {[%emt 0:01:34]} 10. Qc2 {[%emt 0:00:00]} Ndf6 {[%emt 0:06:18]} 11. Re1 {[%emt 0:00:00]} Bf5 {[%emt 0:06:03]} 12. c5 {[%emt 0:00:00]} h6 {[%emt 0:02:00]} 13. Ne5 {[%emt 0:00:00]} Bh7 {[%emt 0:00:58]} 14. Nc3 {[%emt 0:00:00]} Ng5 {[%emt 0:17:18]} 15. Bxh7+ {[%emt 0:00:00]} Nfxh7 {[%emt 0:00:19]} 16. b4 {[%emt 0:00:00]} Bf6 {[%emt 0:01:27]} 17. f4 {[%emt 0:00:00]} Ne6 {[%emt 0:00:15]} 18. Qd3 {[%emt 0:00:00]} Bxe5 {[%emt 0:01:03]} 19. fxe5 {[%emt 0:00:00]} b6 {[%emt 0:04:17]} 20. Be3 {[%emt 0:00:00]} a5 {[%emt 0:00:40]} 21. a3 {[%emt 0:00:00]} axb4 {[%emt 0:00:09]} 22. axb4 {[%emt 0:00:00]} bxc5 {[%emt 0:00:07]} 23. bxc5 {[%emt 0:00:00]} Qh4 {[%emt 0:02:17]} 24. Bf2 {[%emt 0:00:00]} Qg5 {[%emt 0:00:46]} 25. Be3 {[%emt 0:00:00]} Qh4 {[%emt 0:00:58]} 26. Bf2 {[%emt 0:00:00]} Qg5 {[%emt 0:00:22]} 27. Be3 {[%emt 0:00:00]} Qg3 {[%emt 0:01:58]} 28. Ne2 {[%emt 0:00:00]} Qh4 {[%emt 0:00:05]} 29. Bf2 {[%emt 0:00:00]} Qg5 {[%emt 0:02:16]} 30. Ra6 {[%emt 0:00:00]} Rfc8 {[%emt 0:00:52]} 31. Rea1 {[%emt 0:00:00]} Rxa6 {[%emt 0:00:34]} 32. Qxa6 {[%emt 0:00:00]} Qd8 {[%emt 0:02:16]} 33. Ng3 {[%emt 0:01:21]} g6 {[%emt 0:00:30]} 34. Nf1 {[%emt 0:03:38]} Nhg5 {[%emt 0:00:48]} 35. Nh2 {[%emt 0:05:32]} h5 {[%emt 0:01:13]} 36. Be3 {[%emt 0:00:08]} Ne4 {[%emt 0:02:39]} 37. Nf3 {[%emt 0:00:08]} Kg7 {[%emt 0:39:51]} 38. h4 {[%emt 0:00:40]} Rc7 {[%emt 0:00:00]} 39. Rf1 {[%emt 0:03:23]} Qb8 {[%emt 0:00:00]} 40. Ng5 {[%emt 0:00:00]} N4xg5 {[%emt 0:00:00]} 41. Bxg5 {[%emt 0:01:52]} Nxd4 {[%emt 0:00:00]} 42. Bf6+ {[%emt 0:00:30]} Kh7 {[%emt 0:00:00]} 43. Qd3 {[%emt 0:00:30]} Ne6 {[%emt 0:00:00]} 44. g4 {[%emt 0:00:30]} Qb4 {[%emt 0:00:00]} 45. gxh5 {[%emt 0:00:30]} Qg4+ {[%emt 0:00:00]} 46. Kh1 {[%emt 0:00:30]} Qxh5 {[%emt 0:00:00]} 47. Qa6 {[%emt 0:22:18]} g5 {[%emt 0:00:00]} 48. Rf2 {[%emt 0:00:41]} Qd1+ {[%emt 0:00:00]} 49. Rf1 {[%emt 0:03:34]} Ra7 {[%emt 0:00:00]} 50. Rxd1 {[%emt 0:01:34]} Rxa6 {[%emt 0:00:00]} 51. hxg5 {[%emt 0:01:07]} Nxc5 {[%emt 0:00:00]} 52. Kg2 {[%emt 0:00:30]} Kg6 {[%emt 0:00:00]} 53. Rh1 {[%emt 0:00:30]} Ne6 {[%emt 0:00:00]} 54. Rh8 {[%emt 0:00:30]} c5 {[%emt 0:00:00]} 55. Rc8 {[%emt 0:00:30]} c4 {[%emt 0:00:00]} 56. Kf3 {[%emt 0:00:30]} Kf5 {[%emt 0:00:00]} 57. g6 {[%emt 0:00:30]} Ra3+ {[%emt 0:00:00]} 0-1

[Event "13th SRB-ch Men 2019"]
[Site "Beograd"]
[Date "2019.04.14"]
[Round "9.5"]
[White "Ivic, Velimir"]
[Black "Milanovic, Danilo"]
[Result "1/2-1/2"]
[WhiteElo "2516"]
[BlackElo "2495"]
[Annotator "TA"]
[PlyCount "37"]
[EventDate "2019.04.06"]
[EventType "tourn"]
[EventCountry "SRB"]
[SourceTitle "playchess.com"]
[Source "ChessBase"]
[SourceQuality "1"]

{[%evp 20,37,26,18,47,23,35,0,0,0,30,7,0,-5,0,0,-8,-7,530,0]} 1. e4 c5 2. Nf3 Nc6 3. d4 cxd4 4. Nxd4 Nf6 5. Nc3 e5 6. Ndb5 d6 7. Nd5 Nxd5 8. exd5 Ne7 9. c4 Ng6 10. Qa4 Bd7 11. Qb4 Bf5 {B33: Sicilian: Pelikan and Sveshnikov Variations} 12. h4 h5 13. Be2 $146 ({Predecessor:} 13. Bg5 Qb8 14. Be2 a6 15. Nc3 Qc7 16. g3 Be7 17. Be3 e4 18. O-O O-O 19. Bxh5 {0-1 (39) Karjakin,S (2753)-Carlsen,M (2845) Shamkir 2019}) 13... a6 {The position is equal.} 14. Nc3 Nf4 15. Bxf4 exf4 16. c5 dxc5 17. Qxf4 Qf6 18. Ne4 Qd8 $2 {[%mdl 8192] [#]} ({Don't go for} 18... Qxb2 $2 19. O-O $18) (18... Bxe4 $11 {and Black is okay.} 19. Qxe4+ Be7) 19. Nc3 $2 ({White should play} 19. Qxf5 $18 Qd7 20. Qe5+ Qe7 21. f4) 1/2-1/2